000 00499nam a2200217Ia 4500
003 OSt
005 20230523142121.0
008 210423s2007 xx 000 0 und d
020 _a978-0-553-21332-4
040 _cAL
041 _aeng
082 _a823.8 KIPK
100 _aKIPLING (Rudyard)
_9111321
245 _aKim
260 _aNew York
_bBantam dell
_c2007
300 _axvii,300
_bPB
365 _b199
_cINR
650 _aEnglish Fiction
_9111322
906 _aKim
942 _2ddc
_cBK
999 _c167949
_d167949